• 首页
  • 本馆介绍
  • 公告通知
  • 最新文献
  • 馆藏检索
  • 电子资源
  • 读者导购
  • 参考咨询
  • 我的图书馆
  • 登录
  • 详细信息显示
  • 放入我的书架
  • 预约/预借图书
  • 作者相关作品
  • 分类相关作品
  • 丛书相关作品
  • 出版社相关作品

书目信息

  • 表格格式
  • 工作单格式
  • 卡片格式
题名:
网络利他行为对青少年的影响研究
    
 
作者: 郑显亮 著
分册:  
出版信息: 北京   中国社会科学出版社  2018
页数: 183页
开本: 24cm
丛书名:
单 册:
中图分类: C913.5
科图分类:
主题词: 互联网络--hu lian wang luo--影响--青少年--研究
电子资源:
ISBN: 978-7-5203-2394-9
000 01109nam0 2200253 450
001 012001002448
005 20130123134812.0
010    @a978-7-5203-2394-9@dCNY49.00
099    @aCAL 012018098063
100    @a20180816d2018 em y0chiy50 ea
101 0  @achi
102    @aCN@b110000
105    @aak a 000yy
106    @ar
200 1  @a网络利他行为对青少年的影响研究@Awang luo li ta xing wei dui qing shao nian de ying xiang yan jiu@f郑显亮著
210    @a北京@c中国社会科学出版社@d2018
215    @a183页@c图@d24cm
320    @a有书目 (第162-182页)
330    @a本书以青少年为对象,采用质性研究法、问卷法、实验法等多种实证研究方法系统地开展了网络利他行为对青少年的道德发展、人格特质、主观幸福感和心理健康等方面的影响及其作用机制研究。研究结果发现,网络利他行为有利地促进了青少年的道德发展,能显著预测青少年的乐观人格、感恩、希望、谦虚等积极人格特质,能显著提高青少年的主观幸福感和心理健康水平。
606 0  @a互联网络@Ahu lian wang luo@x影响@x青少年@x研究
690    @aC913.5@v5
701  0 @a郑显亮@Azheng xian liang@4著
801  0 @aCN@b江苏凤凰@c20191020
905    @b1215925-8@dC913.5@e1626@f4
    
    网络利他行为对青少年的影响研究/郑显亮著.-北京:中国社会科学出版社,2018
    183页:图;24cm
    
    
    ISBN 978-7-5203-2394-9:CNY49.00
    本书以青少年为对象,采用质性研究法、问卷法、实验法等多种实证研究方法系统地开展了网络利他行为对青少年的道德发展、人格特质、主观幸福感和心理健康等方面的影响及其作用机制研究。研究结果发现,网络利他行为有利地促进了青少年的道德发展,能显著预测青少年的乐观人格、感恩、希望、谦虚等积极人格特质,能显著提高青少年的主观幸福感和心理健康水平。
●
相关链接 在E读中查询图书 在五车中查询图书 在当当中查询图书 在豆瓣中查询图书


正题名:网络利他行为对青少年的影响研究     索取号:C913.5/1626         预约/预借

序号 登录号 条形码 馆藏地/架位号 状态 备注
1 1215925   212159251   第一样本阅览室/ [索取号:C913.5/1626] 在馆    
2 1215926   212159260   教育系资料室/ [索取号:C913.5/1626] 在馆    
3 1215927   212159279   教育系资料室/ [索取号:C913.5/1626] 在馆    
4 1215928   212159288   第一借阅区/ [索取号:C913.5/1626] 在馆    
唐山师范学院图书馆 欢迎您!
大连网信软件有限公司© 版权所有